000 00379nam a2200133Ia 4500
005 20260326100046.0
008 260326s9999||||xx |||||||||||||| ||und||
100 _aOjer, Pablo
245 0 _aLa fundación de Maturín (1722) y la cartografía del Guarapiche /
_cPablo Ojer
260 _bUniversidad Católica Andrés Bello
300 _a126 p.
650 _aURBANISMO
942 _cBK
999 _c7196
_d7196